000 00457nam a22001217a 4500
040 _cSY
082 _a572
100 _aNA
245 _aការវិភាគប្រព័ន្ធក្សេត្រ បរិស្ថាន ឃុំសឿ​ ស្រុកមង្គលបូរី ខេត្តបន្ទាយមានជ័យ
260 _aផ្សព្វផ្សាយកសិកម្ម
_bNA
_c2005
300 _a68p.
942 _cKB
999 _c9687
_d9687